| 000 | 01136nam a2200349 i 4500 | ||
|---|---|---|---|
| 999 |
_c200443465 _d61677 |
||
| 001 | 200443465 | ||
| 003 | TR-AnTOB | ||
| 005 | 20211011090042.0 | ||
| 007 | ta | ||
| 008 | 210422s2020 tu b 000 1 tur dur u | ||
| 020 | _a9786257802130 (paperback) | ||
| 035 | _a(TR-AnTOB)200443465 | ||
| 040 |
_aTR-AnTOB _beng _erda _cTR-AnTOB |
||
| 041 | 0 | _atur | |
| 050 | 4 | _aKKX810 | |
| 090 |
_aKKX810 _b.B37 2020 |
||
| 100 | 1 |
_aBaşaran, Halil Rahman _eauthor _9123525 |
|
| 245 |
_aDevletin dış borcu / _cHalil Rahman Başaran ; editör: Kübra Nur Dönmez Başaran. |
||
| 250 | _aBirinci baskı. | ||
| 264 | 1 |
_aAnkara : _bAdalet Yayınevi, _c2020. |
|
| 300 |
_a207 pages ; _c24 cm |
||
| 336 |
_atext _btxt _2rdacontent |
||
| 337 |
_aunmediated _bn _2rdamedia |
||
| 338 |
_avolume _bnc _2rdacarrier |
||
| 490 | 0 |
_aHukuk Yayınları Dizisi ; _v2670. |
|
| 504 | _aIncludes bibliographical references. | ||
| 650 | 7 |
_aBorçlar (Hukuk) _zTürkiye _2etuturkob _939556 |
|
| 650 | 7 |
_aBorçlar, Dış _zTürkiye _2etuturkob _9103580 |
|
| 700 | 1 |
_aDönmez Başaran, Kübra Nur _eeditor _9133092 |
|
| 942 |
_2lcc _cBK |
||